Tratamientos térmicos de los aceros /

Contenido: Diagrama hierro-carbono; Temperaturas críticas del hierro y de los aceros; Tratamientos térmicos; Constituyentes microscópicos de los aceros; Curva de la S; Influencia de diversos factores en el temple de los aceros; Templabilidad o penetración de temple; Ensayo Jominy; Revenido; Tratamie...

Full beskrivning

Sparad:
Bibliografiska uppgifter
Huvudupphov: Apraiz Barreiro, José (autor)
Materialtyp: Bok
Språk:spanska
Utgiven: Madrid, España : Dossat, 1997, c1997
Upplaga:9a edición
Ämnen:
Taggar: Lägg till en tagg
Inga taggar, Lägg till första taggen!

MARC

LEADER 00000nam^a2200000^a^4500
001 000154448
005 20250521000000.0
009 20260310100354.633
020 |a 84-89656-20-7 
037 |a Acervo ITESO - Biblioteca 
041 |a ESP 
082 |a 672. 36  |b APR 
100 |a Apraiz Barreiro, José  |e (autor) 
245 1 0 |a Tratamientos térmicos de los aceros /  |c J. Apraiz Barreiro. 
250 |a 9a edición 
264 4 |a Madrid, España :  |b Dossat,  |c 1997, c1997 
300 |a XV, 737 p. 
336 |a texto  |b txt  |2 rdacontenido 
337 |a sin mediación  |b n  |2 rdamedio 
338 |a volumen  |b nc  |2 rdasoporte 
520 |a Contenido: Diagrama hierro-carbono; Temperaturas críticas del hierro y de los aceros; Tratamientos térmicos; Constituyentes microscópicos de los aceros; Curva de la S; Influencia de diversos factores en el temple de los aceros; Templabilidad o penetración de temple; Ensayo Jominy; Revenido; Tratamientos isotérmicos; Diversos tratamientos de ablandamiento diferentes del recocido de regeneración; Cementación; Nitruración; Endurecimiento por temple superficial; Cambios de volumen y deformaciones de los aceros en los tratamientos térmicos; Tamaño de grano; Descarburación superficial de los aceros; Ensayos de los metales y aleaciones; Ensayos de tracción; Ensayo de choque; Medida de temperaturas. 
649 |a XX 
650 |a Hierro 
650 |a Acero -  |x Tratamiento Térmico -  |x Tema Principal 
650 |a Aleaciones de Hierro 
650 |a Cementación (Metalurgia) 
650 |a Metales -  |x Tratamiento Térmico 
650 |a Metalurgia 
910 |a Fondo General 
920 |a Impresos - Libros 
930 |a Colección General 
905 |a 101 
901 |a 0500085868  |b IT1  |c ACC  |u 20250521 
902 |a https://opac.biblio.iteso.mx/vufind/Record/000154448